LEADER 01081nam a2200253 u 4500 001 000000051894 003 CaOOAMICUS 005 20070226115404.0 008 001002s1988 it u000 u ita u 035 $a10856954 040 $aPUL(R)$bita 100 1 $aVilleggiante, Sebastiano.$0(OLS)http://pul/name/27498 245 13$aLe questioni incidentali nel processo matrimoniale canonico /$cSebastiano Villeggiante. 260 $a[S. l. :$bs. n.],$c1988. 300 $aP. 121-164 ;$c24 cm 500 $aEstr. da: "Monitor Ecclesiasticus", 1988, I-II, pp. 121-164. 504 $aNote bibliografiche in calce. 650 4$aMatrimonio (diritto canonico).$0(OLS)http://pul/subject/475 850 $aPUL 852 $aPUL$W1$xDP1 Fondo Ciprotti$y59$m1543 B 37$j68686$nBK-PRI$b $qFondi$B68686$CPULBib$Z2$F68686 $H $81 941 1 $a1 960 $aDiritto matrimoniale canonico$9475 996 $6245$aLe questioni incidentali nel processo matrimoniale canonico$9(OLS)http://pul/title/69647 996 $6260$a[S. l. :$bs. n.]$9(OLS)http://pul/publisher/47882 LEADER 01475nam a2200337 a 4500 001 000000156736 003 CaOOAMICUS 005 20161125121244.0 008 161125s2016 it u000 u ita r 020 $a978-88-308-1549-0* 032 $aLibriCat 040 $aPUL$bita 082 04$a230 100 1 $aGiordano, Marco.$0(OLS)http://pul/name/99965 245 10$aNello sguardo di Gesł :$bil vedere nel Vangelo secondo Marco /$cMarco Giordano ; prefazione di mons. Luciano Monari . 260 $aAssisi :$bCittadella,$c©2016. 300 $a209 p. ;$c21 cm. 490 1 $aStudi e ricerche. Sezione biblica 500 $aInclude indice. 504 $aInclude bibliografia p. [197]-202. 630 04$aBiblia.$pN.T.$pMarcus$xCritica e interpretazione.$0(OLS)http://pul/subject/37840 700 1 $aMonari, Luciano,$cvesc. di Brescia.$0(OLS)http://pul/name/69700 830 0$aStudi e ricerche (Cittadella).$pSezione biblica.$0(OLS)http://pul/title/146188 850 $aPUL 852 $aPUL$W1$xSL Religione 3$y85$m230 COLL 11.2.8$j180018$qDDC 21$B183141$CPULBib$Z2$F183141 $H128421 $81 941 1 $a9 996 $6020$a978-88-308-1549-0*$9(OLS)http://pul/number/161523 996 $6082$a230$9(OLS)http://pul/classification/368 996 $6245$aNello sguardo di Gesł :$bil vedere nel Vangelo secondo Marco$9(OLS)http://pul/title/196345 996 $6260$aAssisi :$bCittadella$9(OLS)http://pul/publisher/49668